| 000 | 00345pam a2200145 a 4500 | ||
|---|---|---|---|
| 020 | _c | ||
| 041 | _h | ||
| 082 |
_a658.827 _bSCH |
||
| 100 | _aDon. E. Sehultz / Heidi F. Schultz. | ||
| 245 |
_aBrand Babble _bBrand Babble _hTextual Documents |
||
| 250 | _a2004. | ||
| 260 |
_aAmerica _bThomson Book |
||
| 300 |
_a176: _bpaper. |
||
| 930 | _a1468 | ||
| 999 |
_c235258 _d235258 |
||